|
|
|
|
| LEADER |
00000csc a2200000 a 4500 |
| 001 |
93127-6 |
| 003 |
Ucuenca |
| 005 |
20230308215437.0 |
| 008 |
000000|1936 cu |||||r|||||||||||spa|| |
| 040 |
|
|
|b spa
|
| 041 |
1 |
|
|a spa
|
| 082 |
0 |
|
|a 340.56
|
| 245 |
|
4 |
|a Las Obligaciones. Primera parte
|c Marcelo Planiol, Jorge Ripert, traducción de Mario Díaz Cruz
|h imp
|n Tomo 6
|
| 264 |
|
|
|a Habana
|b Cultural, S. A.
|c 1936
|
| 300 |
|
|
|a 1005 páginas:
|c 23 cm
|
| 490 |
|
|
|a Tratado Práctico de Derecho Civil Francés
|
| 504 |
|
|
|a incl. ref.
|
| 520 |
3 |
|
|a Trata sobre fuentes de las obligaciones, el contrato, formación del contrato,el objeto y la causa, nulidades de los contratos, espera de acción y efecto del contrato, estipulación en favor de terceros, cumplimiento de los contratos, su interpretación, la responsabilidad y riesgos. Relaciones entre obligaciones recíprocas conexas, conflictos de leyes, la responsabilidad civil, causas de irresponsabilidad, responsabilidades complejas, acción de responsabilidad y reparación del daño, casos especiales de responsabilidad.
|
| 650 |
|
4 |
|a Derecho civil
|9 1231
|
| 650 |
|
0 |
|a Obligaciones civiles
|9 41678
|
| 650 |
|
0 |
|a Contratos civiles
|9 42126
|
| 700 |
1 |
|
|a Planiol, Marcelo
|9 43495
|
| 700 |
1 |
|
|a Rippert, Jorge
|9 43496
|
| 852 |
|
|
|a UC-CDJBV
|f Compra
|l 1
|m Limitada
|p 00000000
|t 93127-6
|b 1
|d CDRC
|e CDRC
|g 340.56 PRIMER PISO
|z 0000-00-00
|
| 942 |
|
|
|c CR
|2 ddc
|z diana.fajardo@ucuenca.edu.ec
|
| 999 |
|
|
|c 130824
|d 130824
|